000
00307nam a22001337a 4500
008
170613b xxu||||| |||| 00| 0 eng d
020
_a
9780176034290
041
_a
eng
080
_a
94
100
_a
19
101
_a
SHP
245
_a
QUEBEC BEYOND THE QUET REVOLUTION
_c
MONTCALM.G
942
_2
udc
_c
BK
999
_c
17195
_d
17195